<?xml version="1.0" encoding="UTF-8"?>
<record
    xmlns:xsi="http://www.w3.org/2001/XMLSchema-instance"
    xsi:schemaLocation="http://www.loc.gov/MARC21/slim http://www.loc.gov/standards/marcxml/schema/MARC21slim.xsd"
    xmlns="http://www.loc.gov/MARC21/slim">

  <leader>01746    a2200205   4500</leader>
  <controlfield tag="001">41313</controlfield>
  <controlfield tag="005">20260407155707.0</controlfield>
  <controlfield tag="008">260407a2016    arg                 spa d</controlfield>
  <controlfield tag="003">AR-UNSa-BCEJYS</controlfield>
  <datafield tag="040" ind1=" " ind2=" ">
    <subfield code="a">AR-UNSa-BCEJYS</subfield>
    <subfield code="b">spa</subfield>
    <subfield code="c">AR-UNSa-BCEJYS</subfield>
  </datafield>
  <datafield tag="080" ind1=" " ind2=" ">
    <subfield code="a">34:004</subfield>
    <subfield code="x">Derecho informatico (firma digital, etc.)</subfield>
  </datafield>
  <datafield tag="245" ind1="1" ind2="0">
    <subfield code="a">Notificaciones electr&#xF3;nicas</subfield>
  </datafield>
  <datafield tag="264" ind1=" " ind2="1">
    <subfield code="a">Buenos Aires :</subfield>
    <subfield code="b">Erreius</subfield>
    <subfield code="c">2016</subfield>
  </datafield>
  <datafield tag="300" ind1=" " ind2=" ">
    <subfield code="a">127 p.</subfield>
    <subfield code="c">26 cm.</subfield>
  </datafield>
  <datafield tag="505" ind1=" " ind2=" ">
    <subfield code="a">I. Nacional: 1. Aspectos pr&#xE1;cticos del sistema de notificaci&#xF3;n electr&#xF3;nica / Juan M. Villoldo - 2. Novedades jurisprudenciales sobre la notificaci&#xF3;n electr&#xF3;nica / Juan M. Villoldo - 3. Notificaci&#xF3;n electr&#xF3;nica en el PJN: &#xBF;un primer paso hacia el expediente digital? / Mat&#xED;as S. N&#xFA;&#xF1;ez - II. Provincial: 1. Implementaci&#xF3;n del sistema de notificaci&#xF3;n electr&#xF3;nica en la Provincia de Buenos Aires / Eugenia Pruzzo - 2. Presentaciones y notificaciones electr&#xF3;nicas en la Provincia de Buenos Aires. Obtenci&#xF3;n del certificado digital / Mat&#xED;as D. Alvarez Chaffer - 3. Gu&#xED;a pr&#xE1;ctica sobre la utilizaci&#xF3;n del sistema de presentaciones y notificaciones electr&#xF3;nicas en la Provincia de Buenos Aires / Mat&#xED;as D. Alvarez Chaffer - 4. Preguntas frecuentes sobre el sistema de presentaciones y notificaciones electr&#xF3;nicas en la Provincia de Buenos Aires / Mat&#xED;as D. Alvarez Chaffer - 5. Mandato judicial, &#xBF;escritura p&#xFA;blica o instrumento privado? Reflexi&#xF3;n acerca de la presentaci&#xF3;n de escritos electr&#xF3;nicos / Toribio E. Sosa - El papel sigue vigente (para bien o para mal) / Pablo A. Grillo Ciocchini</subfield>
  </datafield>
  <datafield tag="041" ind1=" " ind2=" ">
    <subfield code="a">spa</subfield>
  </datafield>
  <datafield tag="942" ind1=" " ind2=" ">
    <subfield code="c">BK</subfield>
  </datafield>
  <datafield tag="590" ind1=" " ind2=" ">
    <subfield code="a">niveau_biblio:m niveau_hierar:0</subfield>
  </datafield>
  <datafield tag="856" ind1="4" ind2="1">
    <subfield code="u">https://biblioeco.unsa.edu.ar/pmb/images/libros/E00027_01.jpg</subfield>
    <subfield code="y">Imagen de portada</subfield>
    <subfield code="q">image/jpeg</subfield>
  </datafield>
  <datafield tag="999" ind1=" " ind2=" ">
    <subfield code="c">3456</subfield>
    <subfield code="d">3456</subfield>
  </datafield>
  <datafield tag="952" ind1=" " ind2=" ">
    <subfield code="0">0</subfield>
    <subfield code="1">0</subfield>
    <subfield code="4">0</subfield>
    <subfield code="7">0</subfield>
    <subfield code="a">BCEJYS</subfield>
    <subfield code="b">BCEJYS</subfield>
    <subfield code="c">16</subfield>
    <subfield code="d">2026-04-07</subfield>
    <subfield code="l">0</subfield>
    <subfield code="o">E34:004 N912/ER</subfield>
    <subfield code="p">E00027</subfield>
    <subfield code="r">2026-04-07 15:57:07</subfield>
    <subfield code="w">2026-04-07</subfield>
    <subfield code="y">L</subfield>
  </datafield>
</record>
